00237nam a2200109Ia 4500008004100000100001300041245002200054260001300076650001400089942000700103999001700110190216s9999||||xx |||||||||||||| ||und|| aPaul M P 0aMalayalam-Tharala bDc Books aMalayalam cBK c26056d26056